[Event "SVK-chT4 A22 1819"]
[Site "Slovakia"]
[Date "2019.03.03"]
[Round "10.4"]
[White "Horecky, Peter"]
[Black "Nemcovic, Peter"]
[Result "0-1"]
[WhiteElo "1984"]
[BlackElo "1633"]
[PlyCount "68"]
[EventDate "2018.10.14"]
[EventType "team-tourn"]
[EventRounds "11"]
[EventCountry "SVK"]
[SourceTitle "EXT 2020"]
[Source "ChessBase"]
[SourceDate "2019.10.17"]
[SourceVersion "1"]
[SourceVersionDate "2019.10.17"]
[SourceQuality "1"]

1. d4 Nf6 2. Nf3 c5 3. d5 b5 4. c4 b4 5. a3 g6 6. axb4 cxb4 7. b3 Bb7 8. Bb2 Bg7 9. e4 d6 10. Bd3 Nbd7 11. 0-0 Nc5 12. Bc2 0-0 13. Nbd2 Re8 14. Ra2 a5 15. Nd4 e6 16. dxe6 fxe6 17. Re1 d5 18. e5 Nfd7 19. Nb5 dxc4 20. Nxc4 Bc6 21. Nbd6 Qg5 22. g3 Rf8 23. h4 Qd8 24. Ne4 Qc7 25. Ng5 Nb6 26. Rxa5 Rad8 27. Qc1 Nxc4 28. Rxc5 Nxb2 29. Be4 Qb6 30. Qxb2 Qxc5 31. Rc1 Bxe4 32. Nxe6 Qxe5 33. Qxe5 Bxe5 34. Nxd8 Rxd8 0-1

[Event "SVK-chT2A 1516"]
[Site "Slovakia"]
[Date "2016.03.13"]
[Round "11.4"]
[White "Polacik, Igor"]
[Black "Horecky, Peter"]
[Result "1-0"]
[WhiteElo "2152"]
[BlackElo "2039"]
[PlyCount "85"]
[EventDate "2015.10.17"]
[EventType "team-tourn"]
[EventRounds "11"]
[EventCountry "SVK"]
[SourceTitle "EXT 2017"]
[Source "ChessBase"]
[SourceDate "2016.10.25"]
[SourceVersion "1"]
[SourceVersionDate "2016.10.25"]
[SourceQuality "1"]
[WhiteTeam "Bratislava Doprastav II"]
[BlackTeam "Trnava Modranka"]
[WhiteTeamCountry "SVK"]
[BlackTeamCountry "SVK"]

1. e4 Nf6 2. Nc3 d5 3. exd5 Nxd5 4. Bc4 c6 5. d4 Bf5 6. Nf3 e6 7. Ne2 Nd7 8. Ng3 Bg6 9. c3 Bd6 10. 0-0 h5 11. Re1 Qc7 12. Bf1 0-0-0 13. Ne4 Bf4 14. c4 Bxe4 15. Rxe4 Bxc1 16. Rxc1 N5f6 17. Re3 Ng4 18. Ra3 e5 19. g3 exd4 20. Qxd4 Nb6 21. Qxg7 Rdg8 22. Qd4 h4 23. Bh3 hxg3 24. Bxg4+ f5 25. Bxf5+ Kb8 26. fxg3 Rd8 27. Qe5 Qxe5 28. Nxe5 Rd2 29. Nf3 Rxb2 30. h4 Rd8 31. Rd3 Rf8 32. g4 Rxa2 33. h5 Nc8 34. Ne5 Re8 35. Re1 Kc7 36. Bxc8 Kxc8 37. Nf3 Rf8 38. g5 Rf4 39. Re8+ Kc7 40. Re7+ Kc8 41. h6 Rg4+ 42. Kf1 Rgg2 43. h7 1-0

[Event "SVK-chT4 A22 1415"]
[Site "Slovakia"]
[Date "2015.01.18"]
[Round "7.1"]
[White "Horecky, Peter"]
[Black "Szabo, Julius1111"]
[Result "1-0"]
[WhiteElo "1985"]
[BlackElo "1693"]
[PlyCount "51"]
[EventDate "2014.10.12"]
[EventType "team-tourn"]
[EventRounds "11"]
[EventCountry "SVK"]
[SourceTitle "EXT 2019"]
[Source "ChessBase"]
[SourceDate "2018.10.10"]
[SourceVersion "1"]
[SourceVersionDate "2018.10.10"]
[SourceQuality "1"]

1. d4 d5 2. c4 c6 3. Nf3 e6 4. e3 Nf6 5. b3 Nbd7 6. Bd3 dxc4 7. bxc4 Bb4+ 8. Nbd2 0-0 9. 0-0 Bxd2 10. Bxd2 c5 11. Qc2 b6 12. e4 h6 13. e5 Ne8 14. Be4 Rb8 15. d5 exd5 16. cxd5 Bb7 17. Rfe1 Nc7 18. e6 fxe6 19. dxe6 Bxe4 20. Rxe4 Rxf3 21. gxf3 Qf6 22. Rae1 Qg6+ 23. Kh1 Ne5 24. e7 Ne8 25. f4 Nf3 26. Qb3+ 1-0

[Event "SVK-chT4 A22 1415"]
[Site "Slovakia"]
[Date "2014.12.07"]
[Round "5.2"]
[White "Matis, Tibor1111"]
[Black "Horecky, Peter"]
[Result "0-1"]
[WhiteElo "1664"]
[BlackElo "1985"]
[PlyCount "58"]
[EventDate "2014.10.12"]
[EventType "team-tourn"]
[EventRounds "11"]
[EventCountry "SVK"]
[SourceTitle "EXT 2019"]
[Source "ChessBase"]
[SourceDate "2018.10.10"]
[SourceVersion "1"]
[SourceVersionDate "2018.10.10"]
[SourceQuality "1"]

1. e4 g6 2. d4 d6 3. Bc4 Bg7 4. Nf3 Nf6 5. Nc3 c6 6. Qd3 b5 7. Bb3 a5 8. a4 b4 9. Ne2 Ba6 10. Qd1 Nxe4 11. d5 c5 12. 0-0 0-0 13. Re1 c4 14. Ba2 Nf6 15. Ned4 Nxd5 16. Bg5 Nf6 17. Nb5 d5 18. Qe2 e6 19. Rad1 Qb6 20. Be3 Qb7 21. Nd6 Qc6 22. Bf4 c3 23. Qe3 Ng4 24. Qc1 cxb2 25. Qb1 Qc5 26. h3 Qxf2+ 27. Kh1 Nf6 28. Qxb2 Ne4 29. Be5 Bxe5 0-1

[Event "SVK-chT3A2 1314"]
[Site "Slovakia"]
[Date "2013.11.10"]
[Round "3.1"]
[White "Horecky, Peter"]
[Black "Nemeckay, Rastislav"]
[Result "1-0"]
[WhiteElo "1697"]
[BlackElo "1986"]
[PlyCount "97"]
[EventDate "2013.10.13"]
[EventType "team-tourn"]
[EventRounds "11"]
[EventCountry "SVK"]
[SourceTitle "EXT 2015"]
[Source "ChessBase"]
[SourceDate "2014.11.20"]
[SourceVersion "1"]
[SourceVersionDate "2014.11.20"]
[SourceQuality "1"]
[WhiteTeam "Trnava Modranka Jun"]
[BlackTeam "Senica CVC"]
[WhiteTeamCountry "SVK"]
[BlackTeamCountry "SVK"]

1. d4 d5 2. Nf3 Nf6 3. c4 c6 4. Nc3 e6 5. e3 Nbd7 6. Bd3 a6 7. a4 Bd6 8. 0-0 0-0 9. e4 dxe4 10. Nxe4 Nxe4 11. Bxe4 Nf6 12. Bg5 Be7 13. Bd3 b6 14. Qe2 Bb7 15. Rfd1 Qc7 16. Ne5 c5 17. dxc5 bxc5 18. Rd2 Rad8 19. Rad1 Rd4 20. Nf3 Ng4 21. Bxe7 Bxf3 22. Qxf3 Qxe7 23. Bxh7+ Kxh7 24. Rxd4 cxd4 25. Qxg4 e5 26. Re1 Re8 27. Qe4+ Kh8 28. f4 f6 29. Rd1 Qb4 30. fxe5 Rxe5 31. Qh4+ Kg8 32. Rxd4 Qxb2 33. h3 Qa1+ 34. Kh2 Qxa4 35. Rd8+ Re8 36. Qd4 Qc6 37. Rd7 Qe6 38. Rd6 Qc8 39. Qd5+ Kf8 40. c5 Qb8 41. Qh5 Kg8 42. Qd5+ Kf8 43. Qh5 Kg8 44. Qd5+ Kf8 45. h4 Rd8 46. g3 Rxd6 47. cxd6 a5 48. Qc5 Ke8 49. Qe3+ 1-0

[Event "SVK-chT4 A22 1314"]
[Site "Slovakia"]
[Date "2013.11.03"]
[Round "3.6"]
[White "Horecky, Peter"]
[Black "Hornak, Pavol"]
[Result "1-0"]
[WhiteElo "1697"]
[BlackElo "1750"]
[PlyCount "115"]
[EventDate "2013.10.06"]
[EventType "team-tourn"]
[EventRounds "11"]
[EventCountry "SVK"]
[SourceTitle "EXT 2015"]
[Source "ChessBase"]
[SourceDate "2014.11.20"]
[SourceVersion "1"]
[SourceVersionDate "2014.11.20"]
[SourceQuality "1"]
[WhiteTeam "Sered MSK"]
[BlackTeam "Cifer II"]
[WhiteTeamCountry "SVK"]
[BlackTeamCountry "SVK"]

1. d4 Nf6 2. c4 g6 3. Nc3 Bg7 4. e4 d6 5. f3 0-0 6. Be3 Nc6 7. Qd2 a6 8. Nge2 b6 9. g4 Na7 10. Ng3 c5 11. d5 Rb8 12. a4 e6 13. dxe6 fxe6 14. Be2 Qc7 15. Rd1 Ne8 16. Bh6 Bb7 17. 0-0 Nc6 18. Bf4 Nd4 19. Be3 Rd8 20. f4 Nb3 21. Qc2 Bd4 22. Bxd4 Nxd4 23. Qd2 Qg7 24. Qe3 Qc7 25. g5 Ng7 26. Bg4 Bc6 27. Rxd4 cxd4 28. Qxd4 Bd7 29. Qd3 Rc8 30. b3 Qc5+ 31. Kg2 Bc6 32. Nce2 Rce8 33. Qc3 Bb7 34. h4 Nf5 35. Kh3 Ng7 36. h5 Re7 37. h6 Ne8 38. b4 Qc6 39. Nd4 Qd7 40. Qe3 Nc7 41. b5 Qe8 42. Nc2 e5 43. f5 Bc8 44. Qxb6 gxf5 45. exf5 axb5 46. axb5 d5 47. Bh5 Qd7 48. Ne3 dxc4 49. Nxc4 Nd5 50. Qc5 Nf4+ 51. Kh4 Ng2+ 52. Kh3 Nf4+ 53. Kh4 Ng2+ 54. Kh3 Bb7 55. Nxe5 Qd2 56. Qxe7 Nf4+ 57. Rxf4 Qg2+ 58. Kg4 1-0

[Event "Hampstead op U2200 05"]
[Site "Hampstead"]
[Date "2013.05.19"]
[Round "4"]
[White "Horecky, Peter"]
[Black "Hjort, Helge"]
[Result "1/2-1/2"]
[WhiteElo "1890"]
[BlackElo "1984"]
[PlyCount "64"]
[EventDate "2013.05.18"]
[EventType "swiss"]
[EventRounds "5"]
[EventCountry "ENG"]
[SourceTitle "EXT 2014"]
[Source "ChessBase"]
[SourceDate "2013.11.20"]
[SourceVersion "1"]
[SourceVersionDate "2013.11.20"]
[SourceQuality "1"]

1. d4 Nf6 2. Nf3 d5 3. c4 c6 4. e3 e6 5. Nc3 Nbd7 6. Bd3 Bd6 7. 0-0 0-0 8. e4 dxe4 9. Nxe4 Nxe4 10. Bxe4 Re8 11. Re1 h6 12. c5 Bc7 13. b4 Nf6 14. Bd3 a5 15. b5 cxb5 16. Bxb5 Bd7 17. a4 Bc6 18. Bb2 Qd5 19. Qc2 Qh5 20. Bxc6 bxc6 21. Ne5 Nd5 22. Qe2 Qxe2 23. Rxe2 Bxe5 24. dxe5 Reb8 25. Bc1 Rb4 26. Bd2 Rc4 27. Be3 Rb8 28. Kf1 Nxe3+ 29. Rxe3 Rxc5 30. Re4 Rb2 31. Re2 Rxe2 32. Kxe2 Rxe5+ 1/2-1/2